'To Kill a Mockingbird' Characters Quiz Stats

 Plays Quiz Updated Mar 18, 2020

Support Sporcle.
Go Orange.
Score 0/20 Timer 06:00
0 Plays Today
Description Character % Correct
The main character and lawyer in Maycomb who is father to the 2 aboveAtticus Finch
95.8%
The heroine of the story whose name is really Jean Louise.Scout Finch
93.8%
Town recluse who leaves gifts in the tree for the Finch kidsArthur 'Boo' Radley
87.3%
The 4-year older brother and protector of Miss Jean LouiseJem Finch
86.7%
African-American fieldhand with a bum arm who is accused of rapeTom Robinson
73.1%
Summer neighbor of the Finch kids who is based on Truman Capote.Charles Baker 'Dill' Harris
64.1%
Father who falsely accuses him of raping his daughterRobert E. Lee 'Bob' Ewell
59.4%
The African-American cook and housekeeper for the Finch familyCalpurnia
57.5%
His daughter who goes along with the accusations of rapeMayella Violet Ewell
54.9%
The sharp-tongued widow and neighbor and friend of the Finches Maude 'Maudie' Atkinson
44.4%
Description Character % Correct
The sister of the patriarch of the Finch family who comes to live with themAlexandra Hancock
42.6%
Poor white classmate of Jean Louise and his father of the same nameWalter Cunningham Jr/Sr
42.2%
The sheriff of Maycomb County and witness at the trialHeck Tate
39.2%
The elderly ill-tempered neighbor of the Finches who is addicted to morphine and grows camelliasMrs. Henry Lafayette Dubose
38.2%
The tobacco-loving judge who presides over the rape trialJudge John Taylor
33.9%
The town gossip who put up the above character after her house burned downStephanie Crawford
33.4%
Younger brother and son of the two above characters who has repeated 1st grade thriceBurris Ewell
30.6%
Man in an interracial relationship he covers for by pretending to be drunkDolphus Raymond
26.6%
Editor of the local paper and staunch ally of the Finch patriarchBraxton Bragg Underwood
25.2%
Unprejudiced cotton farmer who employs the accused rapist, and later his wifeLink Deas
25.1%

From the Vault

NATO Alphabet Multiple Choice

by broxx

It's up to you to decide if these words are NATO or NOT-O.
Remove Ads.
Support Sporcle.
Get the best of Sporcle when you Go Orange. This ad-free experience offers more features, more stats, and more fun while also helping to support Sporcle. Thank you for becoming a member.

Show Comments

Extras

Top Quizzes Today


Score Distribution

Your Account Isn't Verified!

In order to create a playlist on Sporcle, you need to verify the email address you used during registration. Go to your Sporcle Settings to finish the process.

Report this User

Report this user for behavior that violates our Community Guidelines.

Details: